Normal view
MARC view
Entry Personal Name
001 - CONTROL NUMBER
- control field: 63143
003 - CONTROL NUMBER IDENTIFIER
- control field:
005 - DATE AND TIME OF LATEST TRANSACTION
- control field: 20250224145441.0
008 - FIXED-LENGTH DATA ELEMENTS
- fixed length control field: 250224|| aca||aabn | a|a d
040 ## - CATALOGING SOURCE
- Original cataloging agency:
- Transcribing agency:
100 ## - HEADING--PERSONAL NAME
- Personal name: ADENUGA, Moyinoluwa
670 ## - SOURCE DATA FOUND
- Source citation: Work cat.: ()5944: ADENUGA, Moyinoluwa aut, Stories for young hearth /, 2005.
